| 000 | 00983nam a22002177a 4500 | ||
|---|---|---|---|
| 003 | OSt | ||
| 005 | 20170608093047.0 | ||
| 008 | 150408b2008 slv spa | ||
| 040 | _cBMC | ||
| 082 | _a004.1 | ||
| 100 | 1 |
_935825 _aArriaza Méndoza, Yessica Crisent |
|
| 245 | 1 | 0 |
_aPasantía en Compañia de Telecomunicaciones de El Salvador (TELECOM, S.A. de C.V.) _b: Informe final _cYessica Crisent Arriaza Mendoza |
| 260 |
_aSanta Ana (El Salvador) _bUniversidad Católica de El Salvador _c2008 |
||
| 300 |
_a56 h. _bil. col. _c27 cm _e+ 1 disco compacto |
||
| 500 | _aPrecede al tít.: Universidad Católica de El Salvador, Facultad de Ingeniería y Arquitectura | ||
| 501 | _aPeríodo de realización del 13 de agosto de 2007 al 13 de febrero de 2008 | ||
| 502 | _aPara optar al título de Ingeniero en Sistemas Informáticos | ||
| 650 | 2 | 4 |
_92031 _aInformática |
| 710 | 2 |
_91166 _aUniversidad Católica de El Salvador _bFacultad de Ingeniería y Arquitectura |
|
| 942 |
_2ddc _cTG |
||
| 999 |
_c22125 _d22125 |
||